000 004570000a22001810004500
003 LK-CoMWRAF
005 20230914153651.0
008 230817t1971 ||||| |||| 00| 0 eng d
040 _aLK-CoMWRAF
_dLK-CoMWRAF
_eLK-CoMWRAF
041 _aeng
082 _a297
_bDAV
100 _aDevenport, John
245 _aAn Apology for Mohammed and the Koran
260 _aIran :
_bTablighe Islami,
_c1971
300 _a182p
650 _aLife of Mohammed
942 _cBK
999 _c602
_d602